Marosvécs emlékezik
Elmentve itt :
| Szerző: | |
|---|---|
| Adatforrás: | Meister |
| Forrásdokumentuma: | Művelődés. - 10 sz., 1996, 42-46 p. |
| Nyelv: | magyar |
| Kulcsszavak: | művelődéstörténet oral-history kulturális intézmények Marosvécse KEMÉNY János BERDE Mária KUNCZ Aladár OLOSZ Lajos SZÁNTÓ György Erdélyi Helikon |
| LEADER | 00653nab a2200229 i 4500 | ||
|---|---|---|---|
| 001 | bibPRO00001268 | ||
| 008 | 060524s1996 xx hun | ||
| 040 | |a Sz1 | ||
| 041 | |a hun | ||
| 100 | 1 | |a ADAMOVITS Sándor ; KEMÉNY Auguszta | |
| 245 | 1 | 0 | |a Marosvécs emlékezik |c ADAMOVITS Sándor ; KEMÉNY Auguszta |
| 695 | |a művelődéstörténet | ||
| 695 | |a oral-history | ||
| 695 | |a kulturális intézmények | ||
| 695 | |a Marosvécse | ||
| 695 | |a KEMÉNY János | ||
| 695 | |a BERDE Mária | ||
| 695 | |a KUNCZ Aladár | ||
| 695 | |a OLOSZ Lajos | ||
| 695 | |a SZÁNTÓ György | ||
| 695 | |a Erdélyi Helikon | ||
| 773 | 0 | |t Művelődés. - |g 10 sz., 1996, 42-46 p. | |